<?xml version="1.0" encoding="UTF-8"?>
<marc:record xmlns:marc="http://www.loc.gov/MARC21/slim">
   <marc:leader>00000nam a2200000 a 4500</marc:leader>
   <marc:datafield ind1="1" ind2=" " tag="100">
      <marc:subfield code="a">Marneros, Andreas</marc:subfield>
      <marc:subfield code="4">ctb</marc:subfield>
      <marc:subfield code="e">Mitwirkende/-r</marc:subfield>
   </marc:datafield>
   <marc:datafield ind1="1" ind2=" " tag="100">
      <marc:subfield code="a">Pillmann, Frank</marc:subfield>
      <marc:subfield code="4">ctb</marc:subfield>
      <marc:subfield code="e">Mitwirkende/-r</marc:subfield>
   </marc:datafield>
   <marc:datafield ind1=" " ind2=" " tag="653">
      <marc:subfield code="a">Reil</marc:subfield>
   </marc:datafield>
   <marc:datafield ind1=" " ind2=" " tag="653">
      <marc:subfield code="a">Johann Christian</marc:subfield>
   </marc:datafield>
   <marc:datafield ind1=" " ind2=" " tag="653">
      <marc:subfield code="a">Hitzig</marc:subfield>
   </marc:datafield>
   <marc:datafield ind1=" " ind2=" " tag="653">
      <marc:subfield code="a">Eduard</marc:subfield>
   </marc:datafield>
   <marc:datafield ind1=" " ind2=" " tag="653">
      <marc:subfield code="a">Wernicke</marc:subfield>
   </marc:datafield>
   <marc:datafield ind1=" " ind2=" " tag="653">
      <marc:subfield code="a">Carl</marc:subfield>
   </marc:datafield>
   <marc:datafield ind1=" " ind2=" " tag="653">
      <marc:subfield code="a">Naturphilosophie</marc:subfield>
   </marc:datafield>
   <marc:datafield ind1=" " ind2=" " tag="653">
      <marc:subfield code="a">Hirnforschung</marc:subfield>
   </marc:datafield>
   <marc:datafield ind1=" " ind2=" " tag="653">
      <marc:subfield code="a">Softcover</marc:subfield>
   </marc:datafield>
   <marc:datafield ind1=" " ind2=" " tag="653">
      <marc:subfield code="a">Karte</marc:subfield>
   </marc:datafield>
   <marc:datafield ind1=" " ind2=" " tag="653">
      <marc:subfield code="a">Pharmazie / Sonstige Fachgebiete</marc:subfield>
   </marc:datafield>
   <marc:datafield ind1="0" ind2="0" tag="245">
      <marc:subfield code="a">Das Wort Psychiatrie ... wurde in Halle geboren</marc:subfield>
   </marc:datafield>
   <marc:datafield ind1="0" ind2="0" tag="245">
      <marc:subfield code="b">von den Anfängen der deutschen Psychiatrie</marc:subfield>
   </marc:datafield>
   <marc:datafield ind1="0" ind2="0" tag="245">
      <marc:subfield code="c">Andreas Marneros ; Frank Pillmann</marc:subfield>
   </marc:datafield>
   <marc:datafield ind1=" " ind2="1" tag="264">
      <marc:subfield code="a">Stuttgart</marc:subfield>
      <marc:subfield code="b">Schattauer</marc:subfield>
      <marc:subfield code="c">2005</marc:subfield>
   </marc:datafield>
   <marc:datafield ind1="1" ind2=" " tag="520">
      <marc:subfield code="a">Angaben aus der Verlagsmeldung

Das Wort Psychiatrie... wurde in Halle geboren : Von den Anfängen der deutschen Psychiatrie / von Andreas Marneros, Frank Pillmann

Vor ungefähr 200 Jahren wurde die Psychiatrie als selbstständige Wissenschaft begründet. Als der Vater der deutschsprachigen Psychiatrie und des Wortes „Psychiatrie" gilt der hallische Professor Johann Christian Reil - für manchen ist er auch der Gründer der „eigentlichen Psychiatrie". Das Wort „Psychiatrie" hat sich bald weltweit durchgesetzt. Ein Terminus, der nicht zufällig gewählt wurde, sondern das Resultat einer Theorie, einer Philosophie, einer Bestrebung war. Darüber hinaus gilt Johann Christian Reil auch als Gründer der Psychotherapie. Er propagierte ein integratives Fach, bestehend aus einer Kernpsychiatrie sowie aus Psychotherapie, Psychosomatik und Medizinischer Psychologie.
Fast 70 Jahre dauerte es dann noch, bis in Preußen ein eigenständiger Lehrstuhl und eine selbstständige Universitätsklinik für Psychiatrie gegründet wurden. Die Hirnforscher Eduard Hitzig und Carl Wernicke trugen wesentlich zum Aufbau dieses Lehrstuhls bei. Ihr bleibendes Wirken komplettierte die schon erwähnten Anfänge der Psychiatrie im deutschsprachigen Raum.
Ziel dieses Buches ist es, die Leistungen dieser und anderer Persönlichkeiten, etwa Heinrich Damerows oder Georg Ernst Stahls, darzustellen und ihren Beitrag zur Geburt und zum Aufwachsen der deutschsprachigen Psychiatrie zu veranschaulichen. Zahlreiche Originalpassagen und historisches Aktenmaterial geben dem Leser die Möglichkeit, auch selbst seine Schlussfolgerungen, Interpretationen und Wertungen vorzunehmen. Das Buch bekommt dadurch Originalität und vermittelt somit etwas von der Aura der Gründungszeit der deutschsprachigen Psychiatrie.
</marc:subfield>
   </marc:datafield>
   <marc:datafield ind1=" " ind2=" " tag="020">
      <marc:subfield code="a">9783794524136</marc:subfield>
      <marc:subfield code="9">9783794524136</marc:subfield>
   </marc:datafield>
   <marc:datafield ind1=" " ind2=" " tag="020">
      <marc:subfield code="a">3794524136</marc:subfield>
      <marc:subfield code="9">3794524136</marc:subfield>
   </marc:datafield>
   <marc:datafield ind1=" " ind2=" " tag="041">
      <marc:subfield code="a">ger</marc:subfield>
   </marc:datafield>
   <marc:datafield ind1=" " ind2=" " tag="300">
      <marc:subfield code="a">XI, 153 S.</marc:subfield>
   </marc:datafield>
</marc:record>
